Statistiques concernant Les Pokémon par dizaine + nombre triple

Cliquez ici pour prendre le quiz!

Statistiques générales

  • Ce quiz a été pris 25 fois
  • Le résultat moyen est 29 sur 97

Statistiques - réponses

Numéro PokédexPokémon% Correct
010Chenipan
100%
160Aligatueur
90%
150Mewtwo
90%
250Ho-Oh
80%
260Laggron
80%
020Rattatac
80%
140Kabuto
70%
130Léviator
70%
030Nidorina
70%
500Roitiflam
70%
100Voltorbe
70%
070Boustiflor
60%
600Clic
60%
200Feuforêve
60%
080Flagadoss
60%
800Necrozma
60%
700Nymphali
60%
666Prismillon
60%
111Rhinocorne
60%
300Skitty
60%
400Castorno
50%
890Ethernatos
50%
380Latias
50%
060Ptitard
50%
050Taupiqueur
50%
040Grodoudou
40%
090Kokiyas
40%
180Lainergie
40%
240Magby
40%
490Manaphy
40%
650Marisson
40%
270Nénupiot
40%
390Ouisticram
40%
110Smogogo
40%
120Stari
40%
280Tarsal
40%
888Zacian
40%
444Carmache
30%
210Granbull
30%
720Hoopa
30%
170Loupio
30%
810Ouistempo
30%
640Viridium
30%
550Bargantua
20%
190Capumain
20%
520Colombeau
20%
610Coupenotte
20%
480Créhelf
20%
310Elecsprint
20%
660Excavarenne
20%
880Galvagon
20%
230Hyporoi
20%
510Leopardus
20%
330Libégon
20%
220Marcacrin
20%
530Minotaupe
20%
290Ningale
20%
730Oratoria
20%
470Phyllali
20%
710Pitrouille
20%
620Shaofouine
20%
777Togedemaru
20%
630Vaututrice
20%
560Baggaïd
10%
460Blizzaroi
10%
750Bourrinos
10%
760Chelours
10%
222Corayon
10%
790Cosmovum
10%
580Couaneton
10%
555Darumacho
10%
850Grillepattes
10%
450Hippodocus
10%
540Larveyette
10%
350Milobellus
10%
690Venalgue
10%
570Zorua
10%
340Barbicha
0%
830Blancoton
0%
420Céribou
0%
430Corboss
0%
740Crabominable
0%
680Dimoclès
0%
410Dinoclier
0%
780Draïeul
0%
670Floette
0%
860Fourbelin
0%
870Hexadron
0%
370Lovdisc
0%
360Okéoké
0%
440Ptiravi
0%
820Rongrigou
0%
770Trépassable
0%
590Trompignon
0%
333Tylton
0%
840Verpom
0%
320Wailmer
0%

Distribution des résultats

Percentile par nombre de réponses

% des personnes avec chaque résultat

Votre développement - résultats

Vous n’avez pas pris ce quiz